| 000 | 00718nam a2200229 a 4500 | ||
|---|---|---|---|
| 005 | 20240808063757.0 | ||
| 008 | 010528s1997 mx r 000 0 spa d | ||
| 020 | _a9688808423 | ||
| 035 | _aUPN01000106958 | ||
| 049 | _aCG | ||
| 050 | 4 |
_aHF5657.4 _bH6.78 1997 |
|
| 100 | 1 | _aHorngren, Charles T. | |
| 245 | 1 | 0 |
_aContabilidad / _cCharles T. Horngren, Walter T. Harrison, Michael A. Robinson ; tr. Margarita Gómez Escudero. |
| 250 | _a3a ed. | ||
| 260 |
_aMéxico : _bPrentice-Hall Hispanoamericana, _c1997. |
||
| 300 |
_axxiv, 563 p. : _bil. |
||
| 650 | 2 |
_aContabilidad _98728 |
|
| 650 | 4 |
_aNegocios _98729 |
|
| 700 | 1 |
_aHarrison, Walter T., _dcoaut. |
|
| 700 | 1 |
_aRobinson, Michael A., _ecoaut. |
|
| 905 | _aLibro | ||
| 999 |
_c80870 _d80870 |
||